000 00778nam a2200241Ia 4500
003 OSt
005 20241111145617.0
008 210716s2012 xx 000 0 und d
020 _a9781259001673
040 _cAIMIT LIBRARY
041 _aeng
082 _a651.7
_21
_bJAIN
100 _aJain, Neera.
_9184925
245 _aEffective business communication /
_cBy Neera Jain and Shoma Mukherji.
250 _a1st ed.
260 _aNew Delhi :
_bTata McGraw Hill Education Private Limited ,
_c2012.
300 _axvii,371p. ;
_bPB
_c23.9 cm
650 _aIntroduction to communication
_9184926
650 _aEffective presentation skills
_9184927
650 _aInterpersonal communication
_9184928
700 _aMukherji, Shoma.
_9184929
942 _2ddc
_cBK
_e1st
_k651.7 JAIN
999 _c207697
_d207697